000 00703nam a22002297a 4500
005 20250904111703.0
008 250904b |||||||| |||| 00| 0 eng d
020 _a978-81-963596-9-1 (pbk)
037 _cTB
040 _aCRL
_cCRL
041 _2SIN
_aSIN
084 _aO1593,1N59x R1
_bCRL
100 _aLalwani, Tarachancd
_9820062
245 _aChha chawan pahinjan khe
260 _aBhopal, India:
_bAkhand sindhu sansar,
_c2021.
300 _a88p.
365 _b 200.00
_cINR
650 _aSindhi Literature
650 _aSindhi Poetry
_9577661
942 _2CC
_cTB
_hO1593,1N59x R1
_n0
999 _c1435160
_d1435160